| 000 | 00682nam a2200229 a 4500 | ||
|---|---|---|---|
| 008 | |||
| 020 | _a0871503158 (pbk.) | ||
| 049 | _aMAIN | ||
| 090 | 0 | _aQA76.73.B3 HEN | |
| 100 | 1 | _aHennefeld, Julien O. | |
| 245 | 1 | 0 |
_aUsing BASIC : _ban introduction to computer programming / _cJulien Hennefeld. |
| 250 | _a2nd ed. | ||
| 260 |
_aBoston : _bPrindle, Weber & Schmidt, _cc1981. |
||
| 300 |
_axiii, 257 p. ; _c25 cm. |
||
| 500 | _aIncludes index. | ||
| 650 | 0 | _aBASIC (Computer program language). | |
| 907 |
_a.b10088945 _b22-01-10 _c15-09-03 |
||
| 003 | |||
| 005 | 20230123134302.0 | ||
| 040 | _cNUST | ||
| 942 |
_cBOOKS _kQA76.73.B3 HEN |
||
| 999 |
_c163240 _d163240 |
||